[Event "51st World Juniors"]
[Site "Athens GRE"]
[Date "2012.08.06"]
[Round "5.35"]
[White "Aghayev, Miragha"]
[Black "Velten, Paul"]
[Result "1-0"]
[BlackTitle "FM"]
[WhiteElo "2187"]
[BlackElo "2366"]
[WhiteFideId "818070"]
[BlackFideId "681091"]
[EventDate "2012.08.02"]

1. e4 e6 2. d4 d5 3. Nd2 c5 4. Ngf3 cxd4 5. exd5 Qxd5 6. Bc4 Qd7 7. Qe2 Nc6 8.
O-O Nf6 9. Nb3 a6 10. a4 Bd6 11. Rd1 e5 12. Nfxd4 Nxd4 13. Rxd4 Qe7 14. Rd1 e4
15. h3 O-O 16. Be3 Bc7 17. f4 exf3 18. Qxf3 Bf5 19. Re1 Qe5 20. Bd3 Bxd3 21.
cxd3 Nh5 22. Kf1 Ng3+ 23. Kf2 Qxb2+ 24. Nd2 Rfe8 25. Rab1 Qe5 26. Nc4 Qc3 27.
Rxb7 Ne4+ 28. dxe4 Qxc4 29. Kg1 Qc6 30. Reb1 Rac8 31. Ra7 Re6 32. Rc1 Qd6 33.
Rcxc7 Qxc7 34. Rxc7 Rxc7 35. Qd1 Rce7 36. Bc5 Re8 37. Qd3 h6 38. a5 Rxe4 39.
Qxa6 Re1+ 40. Kh2 Ra1 41. Qb5 Re6 42. Bb6 Ra2 43. Qc4 Ree2 44. Qc8+ Kh7 45. Qb7
f6 46. a6 Ra4 47. a7 Rea2 48. Qd5 Rxa7 49. Bxa7 Rxa7 50. Qd4 Rf7 51. Qd6 f5 52.
Kg3 f4+ 53. Kg4 Rf6 54. Qd5 Kh8 55. h4 Rf8 56. Qe5 Kg8 57. Qe6+ Kh8 58. Qe7 Rf6
59. Qxf6 gxf6 60. h5 Kg8 61. Kxf4 Kf8 62. Kf5 Ke7 63. Kg6 Ke6 64. Kxh6 Kf7 65.
g4 1-0

[Event "51st World Juniors"]
[Site "Athens GRE"]
[Date "2012.08.06"]
[Round "5.36"]
[White "De Filomeno, Simone"]
[Black "Aravindh, Chithambaram VR."]
[Result "1-0"]
[WhiteTitle "FM"]
[BlackTitle "FM"]
[WhiteElo "2358"]
[BlackElo "2240"]
[WhiteFideId "828688"]
[BlackFideId "5072786"]
[EventDate "2012.08.02"]

1. e4 c5 2. Nf3 Nc6 3. d4 cxd4 4. Nxd4 Nf6 5. Nc3 e5 6. Ndb5 d6 7. Bg5 a6 8. Na3
b5 9. Bxf6 gxf6 10. Nd5 f5 11. g3 fxe4 12. Bg2 Bf5 13. O-O Bg7 14. f3 O-O 15.
fxe4 Be6 16. Kh1 Ne7 17. c4 Rb8 18. Qd3 bxc4 19. Nxc4 Bxd5 20. exd5 f5 21. Qa3
Rf6 22. Qxa6 f4 23. gxf4 exf4 24. Rad1 Qd7 25. Qa3 Rbf8 26. Rd3 Kh8 27. Rh3 Bh6
28. Qc3 Nf5 29. Rh5 Qg7 30. Be4 Ne3 31. Rg1 Qe7 32. Nxd6 Qxd6 33. Rxh6 Rf7 34.
Qc8+ 1-0

[Event "51st World Juniors"]
[Site "Athens GRE"]
[Date "2012.08.06"]
[Round "5.37"]
[White "Nadirashvili, Shalva"]
[Black "Aggelis, Nikolaos"]
[Result "0-1"]
[BlackTitle "FM"]
[WhiteElo "2151"]
[BlackElo "2352"]
[WhiteFideId "13601512"]
[BlackFideId "4213220"]
[EventDate "2012.08.02"]

1. d4 Nf6 2. c4 g6 3. Nc3 d5 4. Bf4 Bg7 5. e3 O-O 6. Nf3 c5 7. dxc5 Qa5 8. Rc1
Rd8 9. Nd4 dxc4 10. Bxc4 Qxc5 11. Qe2 e5 12. Nb3 Qc6 13. Bxe5 Qxg2 14. Rf1 Nc6
15. Bc7 Re8 16. Rd1 Bh3 17. Kd2 Rac8 18. Rg1 Ne4+ 19. Nxe4 Qxe4 20. f3 Qe7 21.
Bf4 Qb4+ 22. Kc2 Qxc4+ 23. Qxc4 Nb4+ 24. Kb1 Rxc4 25. Rc1 Rxc1+ 26. Rxc1 Nd3 27.
Rc7 Nxf4 28. exf4 Bf5+ 0-1

[Event "51st World Juniors"]
[Site "Athens GRE"]
[Date "2012.08.06"]
[Round "5.38"]
[White "Lapidus, Mark"]
[Black "Stanciu, Alexandru-Ovidiu"]
[Result "1-0"]
[WhiteElo "2129"]
[BlackElo "2342"]
[WhiteFideId "4502299"]
[BlackFideId "1217674"]
[EventDate "2012.08.02"]

1. Nf3 Nf6 2. c4 g6 3. d4 Bg7 4. Nc3 O-O 5. Bf4 d5 6. Rc1 Be6 7. Ng5 c5 8. dxc5
d4 9. Nb5 Nc6 10. Nc7 Bf5 11. Nxa8 e5 12. Bd2 Qe7 13. b4 e4 14. Bf4 Nh5 15. Bd6
Qxg5 16. Bxf8 Bxf8 17. Nc7 Nxb4 18. Qd2 Qxd2+ 19. Kxd2 e3+ 20. fxe3 dxe3+ 21.
Ke1 Bxc5 22. Nd5 Nxa2 23. Ra1 Nb4 24. Nxb4 Bxb4+ 25. Kd1 a5 26. g3 Nf6 27. Bg2
Ng4 28. Kc1 Ne5 29. Bd5 Bd2+ 30. Kb2 Bg4 31. Rhe1 b6 32. Kb3 Kf8 33. Rad1 Bb4
34. Bf3 Bh3 35. Rg1 Be6 36. Rd4 Nxc4 37. Bd5 Nd2+ 38. Kc2 Bf5+ 39. Kb2 Bd6 40.
Ka2 Be5 41. Ra4 h5 42. Rc1 Ke7 43. Ra3 Bd4 44. Ra4 Be5 45. Ra3 Kd6 46. Bxf7 Bd4
47. Ra4 Bc5 48. Rf4 Ke5 49. Kb2 Bd4+ 50. Ka3 b5 51. Rc7 Nb1+ 52. Kb3 Nd2+ 53.
Ka3 Bb6 54. Rb7 b4+ 55. Ka4 Bd8 56. Rb5+ Kd6 57. Rd4+ Kc7 58. Rxa5 Bc2+ 59. Kxb4
Be7+ 60. Kb5 Kb8 61. Rd7 Bf6 62. Bd5 Kc8 63. Rf7 1-0

[Event "51st World Juniors"]
[Site "Athens GRE"]
[Date "2012.08.06"]
[Round "5.39"]
[White "Grandadam, Nicolas"]
[Black "Sreeves, Clement"]
[Result "1/2-1/2"]
[WhiteTitle "FM"]
[WhiteElo "2333"]
[BlackElo "2191"]
[WhiteFideId "681806"]
[BlackFideId "2402564"]
[EventDate "2012.08.02"]

1. Nf3 Nf6 2. c4 g6 3. Nc3 Bg7 4. e4 d6 5. d4 O-O 6. Be2 e5 7. Be3 c6 8. d5 Ng4
9. Bg5 f6 10. Bh4 c5 11. Nd2 h5 12. a3 Na6 13. Rb1 Nh6 14. f3 Nf7 15. b4 b6 16.
Qa4 Bh6 17. Bf2 f5 18. Rb2 Nb8 19. Qc2 Na6 20. Qa4 Nb8 21. Qc2 Na6 22. Qa4 1/2-1/2

[Event "51st World Juniors"]
[Site "Athens GRE"]
[Date "2012.08.06"]
[Round "5.40"]
[White "Muhammad, Luthfi Ali"]
[Black "Wageih, Kareim"]
[Result "1/2-1/2"]
[WhiteTitle "CM"]
[BlackTitle "IM"]
[WhiteElo "2078"]
[BlackElo "2332"]
[WhiteFideId "7103743"]
[BlackFideId "10604561"]
[EventDate "2012.08.02"]

1. e4 c6 2. d4 d5 3. Nc3 dxe4 4. Nxe4 Nd7 5. Ng5 Ngf6 6. Bd3 e6 7. N1f3 Bd6 8.
Qe2 h6 9. Ne4 Nxe4 10. Qxe4 Nf6 11. Qe2 b6 12. Bd2 Bb7 13. O-O-O Qc7 14. Kb1
O-O-O 15. c4 Rhe8 16. Bc3 Nd7 17. Rhe1 f6 18. c5 bxc5 19. Bc4 Kb8 20. Qc2 Nb6
21. Bxe6 cxd4 22. Nxd4 Bc5 23. g3 Re7 24. f4 Rde8 25. f5 Nd5 26. Bxd5 Rxe1 27.
Bxe1 Bxd4 28. Be6 c5 29. Bc3 Rd8 30. Qa4 Bxc3 31. bxc3 Rxd1+ 32. Qxd1 Bc6 33.
Kc1 Kb7 34. Qg4 Kb6 35. Bb3 Qe5 36. Kb2 Qe3 37. Bc2 Qd2 38. h4 Qd7 39. Kc1 Qe7
40. Kd2 Qd6+ 1/2-1/2

[Event "51st World Juniors"]
[Site "Athens GRE"]
[Date "2012.08.06"]
[Round "5.41"]
[White "Kalogridakis, Georgios"]
[Black "Kilpatrick, Callum"]
[Result "0-1"]
[BlackTitle "FM"]
[WhiteElo "2017"]
[BlackElo "2326"]
[WhiteFideId "4249666"]
[BlackFideId "414425"]
[EventDate "2012.08.02"]

1. e4 e5 2. Nf3 Nc6 3. Bc4 Nf6 4. d3 Be7 5. O-O O-O 6. c3 d6 7. Nbd2 Na5 8. Bb5
a6 9. Ba4 b5 10. Bc2 c5 11. Re1 Nc6 12. h3 Nd7 13. Nf1 Nb6 14. Ng3 Be6 15. d4
cxd4 16. cxd4 exd4 17. Bf4 Bf6 18. Ne2 Nc4 19. Rb1 d3 20. Bxd3 Nxb2 21. Qd2 Nxd3
22. Qxd3 Bxa2 23. Rbd1 Bc4 24. Qxd6 Qxd6 25. Rxd6 Rfc8 26. Ng3 Be7 27. Rd7 Be6
28. Rdd1 a5 29. e5 a4 30. Ne4 a3 31. Nd6 Rcb8 32. Be3 b4 33. Bc5 b3 34. Nd4 Nxd4
35. Bxd4 b2 36. Rb1 Ba2 37. Nf5 Bb4 0-1

[Event "51st World Juniors"]
[Site "Athens GRE"]
[Date "2012.08.06"]
[Round "5.42"]
[White "Mazur, Stefan"]
[Black "Yurtseven, Melih"]
[Result "1-0"]
[WhiteTitle "IM"]
[WhiteElo "2394"]
[BlackElo "2126"]
[WhiteFideId "14909332"]
[BlackFideId "6312160"]
[EventDate "2012.08.02"]

1. d4 Nf6 2. c4 g6 3. g3 Bg7 4. Bg2 O-O 5. Nc3 d6 6. Nf3 Nc6 7. O-O Bf5 8. d5
Na5 9. Nd2 c5 10. e4 Bd7 11. Qc2 a6 12. b3 b5 13. Bb2 bxc4 14. bxc4 Rb8 15. Rab1
Qc7 16. Ne2 Rb7 17. Bc3 Rfb8 18. Nf4 Rxb1 19. Rxb1 Rxb1+ 20. Qxb1 Ng4 21. Bxg7
Kxg7 22. Qb2+ Ne5 23. Nd3 f6 24. Nxe5 dxe5 25. Qc3 Nb7 26. Bf1 Qa5 27. Qxa5 Nxa5
28. f3 Nb7 29. Kf2 e6 30. Ke3 Kf7 31. f4 exf4+ 32. gxf4 e5 33. Nf3 exf4+ 34.
Kxf4 Ke7 35. e5 fxe5+ 36. Nxe5 Bf5 37. Kg5 Nd8 38. Kh6 Kf6 39. Nf3 Nf7+ 40. Kxh7
g5+ 41. Kg8 Be4 42. Nd2 Bg6 43. Nb3 Ne5 44. Nxc5 a5 45. Kf8 a4 46. a3 g4 47. d6
Bf7 48. Bd3 Be6 49. Ke8 Bf7+ 50. Kd8 Nxd3 51. Nxd3 Bxc4 52. d7 Bxd3 53. Kc7 1-0

[Event "51st World Juniors"]
[Site "Athens GRE"]
[Date "2012.08.06"]
[Round "5.43"]
[White "Shyam, Nikil P."]
[Black "Koutoukidis, Panagiotis"]
[Result "1-0"]
[WhiteTitle "IM"]
[WhiteElo "2484"]
[BlackElo "2167"]
[WhiteFideId "5024218"]
[BlackFideId "4244702"]
[EventDate "2012.08.02"]

1. Nf3 c5 2. g3 Nc6 3. Bg2 e5 4. d3 d5 5. O-O Nf6 6. e4 Be7 7. exd5 Nxd5 8. Re1
f6 9. c3 Nc7 10. Be3 Ne6 11. a3 a5 12. a4 O-O 13. Na3 Kh8 14. Nc4 Rb8 15. Qb3
Qxd3 16. Rad1 Qg6 17. Nh4 Qe8 18. f4 exf4 19. gxf4 Qh5 20. Bxc6 Qxh4 21. Bg2 Nc7
22. Bf2 Qg4 23. Rxe7 Be6 24. Re1 Nd5 25. R7xe6 Nxf4 26. Bg3 Nxe6 27. Ne3 Qg5 28.
Bxb8 1-0

[Event "51st World Juniors"]
[Site "Athens GRE"]
[Date "2012.08.06"]
[Round "5.44"]
[White "Ashiku, Franc"]
[Black "Krysa, Leandro"]
[Result "0-1"]
[BlackTitle "IM"]
[WhiteElo "2152"]
[BlackElo "2438"]
[WhiteFideId "4700066"]
[BlackFideId "116807"]
[EventDate "2012.08.02"]

1. e4 c5 2. Nf3 e6 3. d4 cxd4 4. Nxd4 Nc6 5. Nc3 Qc7 6. Be3 a6 7. a3 b5 8. Nxc6
dxc6 9. g3 e5 10. Bg2 h5 11. h3 h4 12. g4 Ne7 13. O-O Ng6 14. a4 b4 15. Nb1 Be7
16. Re1 O-O 17. Nd2 Be6 18. Bf1 Rfd8 19. Qf3 Nf8 20. b3 Nd7 21. Red1 Nc5 22. Bc4
Qc8 23. Bxe6 Qxe6 24. Bxc5 Bxc5 25. Nc4 Bd4 26. Kg2 g6 27. Rd3 Ra7 28. g5 Kg7
29. Qg4 Qxg4+ 30. hxg4 f6 31. f4 exf4 32. gxf6+ Bxf6 33. e5 Be7 34. Rxd8 Bxd8
35. Kf3 g5 36. Rd1 Be7 37. Ke4 Kg6 38. Rd3 Bc5 39. Nd2 Rh7 40. Nf3 h3 41. Rd1 h2
42. Rh1 Bg1 43. Nxg1 hxg1=Q 44. Rxg1 Rh3 45. Re1 Rg3 46. Re2 Rxg4 47. e6 Rh4 48.
e7 Rh8 49. Kf3 Re8 50. Kg4 Kf6 51. Rh2 Rxe7 52. Rh6+ Ke5 53. Rxc6 Rf7 54. Kf3
g4+ 55. Kf2 Rd7 56. Ke2 Ke4 57. Re6+ Kf5 58. Rxa6 f3+ 59. Kf2 Rd2+ 60. Kg3 Rg2+
61. Kh4 f2 62. Ra8 Rh2+ 0-1

[Event "51st World Juniors"]
[Site "Athens GRE"]
[Date "2012.08.06"]
[Round "5.45"]
[White "Jacko, Vladimir2"]
[Black "Larmuseau, Michiel"]
[Result "1-0"]
[WhiteTitle "FM"]
[WhiteElo "2349"]
[BlackElo "2154"]
[WhiteFideId "14915928"]
[BlackFideId "263214"]
[EventDate "2012.08.02"]

1. e4 e6 2. d4 d5 3. Nc3 Bb4 4. e5 c5 5. a3 Bxc3+ 6. bxc3 Qa5 7. Bd2 Qa4 8. Qg4
g6 9. Nf3 Nc6 10. Be2 Qxc2 11. Rc1 Qf5 12. Qg3 cxd4 13. cxd4 h5 14. h3 h4 15.
Qh2 Nge7 16. O-O Bd7 17. Rc3 Rc8 18. Rfc1 Nb8 19. Bd3 Qh5 20. Rxc8+ Bxc8 21. Bg5
Nbc6 22. Qf4 Nf5 23. Nh2 Nfxd4 24. Ng4 Kf8 25. Kf1 Rg8 26. Nf6 Qh8 27. Nxg8 Kxg8
28. Bf6 Qh5 29. Qxd4 1-0

[Event "51st World Juniors"]
[Site "Athens GRE"]
[Date "2012.08.06"]
[Round "5.46"]
[White "Hernandez Sanchez, Jairo Andres"]
[Black "Zulfic, Fedja"]
[Result "1-0"]
[WhiteTitle "FM"]
[WhiteElo "2288"]
[BlackElo "2135"]
[WhiteFideId "4404017"]
[BlackFideId "3208427"]
[EventDate "2012.08.02"]

1. c4 Nf6 2. g3 g6 3. Bg2 d5 4. cxd5 Nxd5 5. Nc3 Nxc3 6. bxc3 Bg7 7. Nf3 O-O 8.
O-O c5 9. Rb1 Nc6 10. Qc2 e5 11. d3 Qc7 12. Nd2 b6 13. a4 Bb7 14. Nc4 Rae8 15.
Be3 Kh8 16. Qb3 Rb8 17. a5 bxa5 18. Qa4 Ne7 19. Bxb7 Rxb7 20. Rxb7 Qxb7 21. Bxc5
Rc8 22. Nd6 Qc6 23. Qc4 Rf8 24. Nxf7+ Rxf7 25. Qxf7 Qxc5 26. Rb1 Qd6 27. Qe8+
Ng8 28. Rb8 1-0

[Event "51st World Juniors"]
[Site "Athens GRE"]
[Date "2012.08.06"]
[Round "5.47"]
[White "Kvaratskhelia, Dimitri"]
[Black "Minko, Vladimir"]
[Result "1-0"]
[WhiteElo "2093"]
[BlackElo "2257"]
[WhiteFideId "13604295"]
[BlackFideId "24146706"]
[EventDate "2012.08.02"]

1. d4 Nf6 2. Nf3 c5 3. d5 d6 4. c4 b5 5. cxb5 a6 6. b6 Nbd7 7. Nc3 g6 8. e4 Bg7
9. a4 Nxb6 10. a5 Nbd7 11. Nd2 O-O 12. Nc4 Rb8 13. Be2 Ne8 14. O-O Nc7 15. Bg5
Nb5 16. Nxb5 axb5 17. Nxd6 Ba6 18. e5 h6 19. Bh4 Bxe5 20. Ne4 f5 21. d6 g5 22.
Qd5+ Kh7 23. Bxg5 e6 24. Qxe5 hxg5 25. Qxe6 fxe4 26. Qxe4+ Kh8 27. Ra3 Rf4 28.
Rh3+ Rh4 29. Rxh4+ gxh4 30. Bd3 Nf8 31. Qe5+ Kg8 32. Re1 Rb7 33. Be4 Rg7 34.
Bd5+ Kh8 35. Re4 b4 36. Rg4 Qd7 37. Rxh4+ Nh7 38. Rxh7+ 1-0

[Event "51st World Juniors"]
[Site "Athens GRE"]
[Date "2012.08.06"]
[Round "5.48"]
[White "Sodikov, Ilyas"]
[Black "Zwakala, Ntando"]
[Result "0-1"]
[WhiteElo "2234"]
[BlackElo "2054"]
[WhiteFideId "13705490"]
[BlackFideId "14308967"]
[EventDate "2012.08.02"]

1. e4 c5 2. Nf3 d6 3. d4 cxd4 4. Nxd4 Nf6 5. Nc3 a6 6. Be3 e6 7. f3 Qc7 8. Qd2
b5 9. O-O-O Bb7 10. g4 Be7 11. g5 Nfd7 12. Bh3 Nc5 13. Kb1 O-O 14. Bg2 Nbd7 15.
Nce2 Nb6 16. b3 Rac8 17. Ng3 g6 18. f4 e5 19. Nde2 d5 20. exd5 Rfd8 21. fxe5
Nxd5 22. Bd4 Ne6 23. Ne4 Nxd4 24. Nxd4 Qxe5 25. Rhe1 Qc7 26. Bh3 Bb4 27. Nf6+
Nxf6 28. Qxb4 Nd5 29. Qd2 Nc3+ 30. Ka1 Qa5 31. a4 Qb4 32. Kb2 Nxa4+ 33. Ka2 Nc3+
34. Kb2 Nxd1+ 35. Rxd1 Qxd2 36. Rxd2 Rc5 37. c3 Rxg5 38. Re2 b4 39. Re7 bxc3+
40. Kxc3 Bg2 41. Bd7 Kf8 0-1

[Event "51st World Juniors"]
[Site "Athens GRE"]
[Date "2012.08.06"]
[Round "5.49"]
[White "Vasques, Antonio Pedro Freixial"]
[Black "Poulopoulos, Ioannis"]
[Result "1/2-1/2"]
[WhiteElo "2214"]
[BlackElo "2007"]
[WhiteFideId "1908332"]
[BlackFideId "4218078"]
[EventDate "2012.08.02"]

1. e4 e5 2. Nf3 Nc6 3. Bb5 a6 4. Ba4 Nf6 5. d3 d6 6. c3 g6 7. O-O Bg7 8. Re1 O-O
9. Nbd2 Re8 10. h3 b5 11. Bc2 d5 12. exd5 Nxd5 13. Ne4 h6 14. Bb3 Be6 15. Nc5
Qd6 16. Nxe6 Qxe6 17. Nd4 Nxd4 18. cxd4 Qd6 19. Qf3 Rad8 20. Bd2 c6 21. Qg3 h5
22. h4 Re6 23. Bg5 Rde8 24. Re4 Qd7 25. Rae1 exd4 26. f4 f5 27. Rxe6 Rxe6 28.
Rc1 Re3 29. Qf2 Kh7 30. Qc2 Re6 31. Qc5 Rd6 32. a4 Qe6 33. Bxd5 cxd5 34. axb5
axb5 35. Ra1 Rc6 36. Qxb5 Rb6 37. Qc5 Rxb2 38. Ra7 Rxg2+ 1/2-1/2

[Event "51st World Juniors"]
[Site "Athens GRE"]
[Date "2012.08.06"]
[Round "5.50"]
[White "Potpara, Nikola"]
[Black "Zervos, Lazaros"]
[Result "1-0"]
[WhiteElo "2201"]
[BlackElo "1799"]
[WhiteFideId "910058"]
[BlackFideId "4238362"]
[EventDate "2012.08.02"]

1. d4 Nf6 2. c4 e6 3. Nf3 d5 4. Nc3 Bb4 5. Bg5 Nbd7 6. cxd5 exd5 7. e3 c5 8. Bd3
Qa5 9. Qc2 c4 10. Bf5 O-O 11. O-O Bxc3 12. bxc3 Re8 13. Nd2 g6 14. Bxd7 Nxd7 15.
f3 Nb6 16. Rae1 Bd7 17. Bh4 Na4 18. Nb1 Rac8 19. e4 Be6 20. Bf6 h6 21. h4 Nb6
22. h5 Nd7 23. Bh4 g5 24. Bf2 Nf6 25. exd5 Nxd5 26. Re5 Qc7 27. Bg3 Qd7 28. Rfe1
Nf6 29. Qe2 Nxh5 30. Bh2 Nf6 31. Nd2 Nd5 32. Ne4 Kg7 33. Nc5 Rxc5 34. dxc5 Nxc3
35. Qe3 Nb5 36. f4 Qd4 37. f5 Qxe3+ 38. R5xe3 c3 39. fxe6 c2 40. e7 f5 41. Be5+
Kf7 42. a4 f4 43. Rb3 Rxe7 44. Rxb5 Rxe5 45. Rc1 Re2 46. Rxb7+ Ke6 47. Rb2 1-0

[Event "51st World Juniors"]
[Site "Athens GRE"]
[Date "2012.08.06"]
[Round "5.51"]
[White "Alexiadis, Hristos"]
[Black "Michelakos, Panagiotis"]
[Result "0-1"]
[WhiteElo "1769"]
[BlackElo "2185"]
[WhiteFideId "4249623"]
[BlackFideId "4216067"]
[EventDate "2012.08.02"]

1. e4 c5 2. Nf3 Nc6 3. d4 cxd4 4. Nxd4 g6 5. c4 Bg7 6. Be3 Nf6 7. Nc3 O-O 8. Be2
d6 9. O-O Bd7 10. Re1 Rc8 11. Rc1 a6 12. f3 Nxd4 13. Bxd4 Bc6 14. Nd5 Bxd5 15.
cxd5 Rxc1 16. Qxc1 Nxe4 17. Be3 Nf6 18. Qd2 Qd7 19. Rc1 Rc8 20. Rxc8+ Qxc8 21.
Kf1 h5 22. a4 Qf5 23. Bc4 Qb1+ 24. Kf2 Qf5 25. Ke2 Qe5 26. g3 Nd7 27. b4 Qa1 28.
Bb3 Bc3 29. Qc1 Qxc1 30. Bxc1 Bxb4 31. f4 Bc5 32. Bb2 Kf8 33. Kf3 b5 34. axb5
axb5 35. h3 Nb6 36. g4 hxg4+ 37. Kxg4 f6 38. h4 Nc4 39. Bc1 f5+ 40. Kg5 Kf7 41.
Bc2 Be3 42. Bxe3 Nxe3 43. Bd3 b4 0-1

[Event "51st World Juniors"]
[Site "Athens GRE"]
[Date "2012.08.06"]
[Round "5.52"]
[White "Hatzoudis, Gerasimos"]
[Black "Farid, Firman Syah"]
[Result "0-1"]
[BlackTitle "CM"]
[WhiteElo "1843"]
[BlackElo "2318"]
[WhiteFideId "4221370"]
[BlackFideId "7102526"]
[EventDate "2012.08.02"]

1. d4 Nf6 2. Nf3 g6 3. c4 Bg7 4. Nc3 O-O 5. e4 d6 6. Be2 e5 7. O-O Nc6 8. d5 Ne7
9. b4 Nh5 10. Re1 f5 11. Ng5 Nf6 12. Bf3 c6 13. g3 cxd5 14. cxd5 h6 15. Ne6 Bxe6
16. dxe6 fxe4 17. Nxe4 Nxe4 18. Bxe4 d5 19. Bg2 e4 20. Rb1 Qb6 21. Be3 Qxe6 22.
Bc5 Rfe8 23. f3 b6 24. Bxe7 Rxe7 25. fxe4 d4 26. Qb3 Qxb3 27. Rxb3 Rc8 28. Bf1
h5 29. Bd3 Bh6 30. Rf1 Kg7 31. Kg2 Be3 32. b5 g5 33. h3 h4 34. gxh4 gxh4 35. Kf3
Rc5 36. Kg4 Rg5+ 37. Kxh4 Re8 38. Rf7+ Kxf7 39. Bc4+ Kg6 0-1

[Event "51st World Juniors"]
[Site "Athens GRE"]
[Date "2012.08.06"]
[Round "5.53"]
[White "Brown, Andrew"]
[Black "Vaicekauskas, Gytis"]
[Result "1-0"]
[WhiteTitle "IM"]
[WhiteElo "2296"]
[BlackElo "2079"]
[WhiteFideId "3206513"]
[BlackFideId "12805459"]
[EventDate "2012.08.02"]

1. d4 d5 2. c4 e5 3. dxe5 d4 4. Nf3 Nc6 5. a3 Nge7 6. Nbd2 Be6 7. Nb3 Bxc4 8.
Nbxd4 Qd5 9. b3 Ba6 10. Nxc6 Qxc6 11. Bb2 Rd8 12. Qc1 Qb6 13. Qc2 Nd5 14. e3
Qa5+ 15. Nd2 Bxf1 16. Rxf1 Be7 17. b4 Qb5 18. Qc4 Qa4 19. Qb3 Qb5 20. O-O-O O-O
21. Qc4 Qb6 22. Nb3 c6 23. Nd4 a5 24. Nf5 Qc7 25. Qg4 g6 26. bxa5 h5 27. Qg3 Kh7
28. e4 gxf5 29. exd5 cxd5+ 30. Kb1 Qc4 31. Rfe1 Rg8 32. Qf3 Qg4 33. Qd3 Qxg2 34.
Qxf5+ Qg6 35. Qd3 Rd7 36. Re3 Ra8 37. Rg3 Qxd3+ 38. Rdxd3 Bd8 39. Rdf3 Ra6 40.
Rf5 h4 41. Rg4 Rg6 42. Rgf4 Kg8 43. Bd4 Kf8 44. Rh5 Ke7 45. Rfxh4 Ke6 46. f4 f5
47. exf6 Rg8 48. f5+ Kd6 49. Rh8 Rxh8 50. Rxh8 Bxa5 51. Rg8 Rc7 52. h4 Bd2 53.
h5 Rh7 54. Rg7 Rxh5 55. Rxb7 Rxf5 56. Kc2 Bg5 57. a4 Ke6 58. Rb6+ 1-0

[Event "51st World Juniors"]
[Site "Athens GRE"]
[Date "2012.08.06"]
[Round "5.54"]
[White "Gantar, Jan"]
[Black "Du Plessis, Heinco"]
[Result "1/2-1/2"]
[WhiteElo "2218"]
[BlackElo "2075"]
[WhiteFideId "14607875"]
[BlackFideId "14306263"]
[EventDate "2012.08.02"]

1. e4 c6 2. d4 d5 3. exd5 cxd5 4. c4 Nf6 5. Nc3 g6 6. Qb3 Bg7 7. cxd5 O-O 8. Be2
Na6 9. Bf3 Qb6 10. Qxb6 axb6 11. Nge2 Nb4 12. O-O Rd8 13. Bg5 Nbxd5 14. Nxd5
Nxd5 15. Nc3 Be6 16. Rfd1 h6 17. Bh4 g5 18. Bg3 Rd7 19. Nb5 f5 20. Re1 Bf7 21.
Be5 g4 22. Bxd5 Bxd5 23. Nc3 Bf7 24. a3 Ra5 25. Re3 Bxe5 26. dxe5 Rd2 27. b4 Ra8
28. h3 h5 29. hxg4 hxg4 30. e6 Bg6 31. Ne2 Rc8 32. Nf4 Kg7 33. Re2 Rxe2 34. Nxe2
Rc4 35. g3 Be8 36. Nf4 Bc6 37. Kf1 Kf6 38. Ke2 b5 39. Kd2 Be4 40. Rc1 Rxc1 41.
Kxc1 Ke5 42. Kd2 Bd5 43. Ke3 Bxe6 44. Nd3+ Kd5 45. Nf4+ Kd6 46. Kd4 Bc4 47. Ng6
b6 48. Ne5 Ba2 49. Ng6 Bf7 50. Ne5 Be8 51. Nd3 1/2-1/2

[Event "51st World Juniors"]
[Site "Athens GRE"]
[Date "2012.08.06"]
[Round "5.55"]
[White "Ladva, Ottomar"]
[Black "Haria, Ravi"]
[Result "1/2-1/2"]
[WhiteElo "2153"]
[BlackElo "2054"]
[WhiteFideId "4500024"]
[BlackFideId "415820"]
[EventDate "2012.08.02"]

1. e4 e6 2. d4 d5 3. Nc3 Nf6 4. e5 Nfd7 5. f4 c5 6. Nf3 Nc6 7. Be3 Be7 8. Qd2
O-O 9. Be2 b6 10. O-O f6 11. dxc5 Nxc5 12. Nd4 Nxd4 13. Bxd4 fxe5 14. fxe5 Ba6
15. Rxf8+ Bxf8 16. Bg4 Qe8 17. Qf4 Qg6 18. b4 Ne4 19. Nxe4 dxe4 20. c3 Be7 21.
Bh3 Rf8 22. Qg4 Qf5 23. Qd1 Qf7 24. g3 Kh8 25. Bf1 Bb7 26. Bg2 Bd5 27. Qe2 Qg6
28. Rf1 Rxf1+ 29. Bxf1 h6 30. a4 Bg5 31. Bg2 e3 32. h4 Bxg2 33. Qxg2 Qd3 34.
hxg5 Qd1+ 35. Kh2 Qh5+ 36. Kg1 Qd1+ 37. Kh2 Qh5+ 1/2-1/2

[Event "51st World Juniors"]
[Site "Athens GRE"]
[Date "2012.08.06"]
[Round "5.56"]
[White "Liodakis, Konstantinos-Spyros"]
[Black "Stepanyan, Henrik"]
[Result "1/2-1/2"]
[WhiteElo "2130"]
[BlackElo "2022"]
[WhiteFideId "4217136"]
[BlackFideId "401030"]
[EventDate "2012.08.02"]

1. d4 d5 2. c4 e6 3. Nc3 c5 4. cxd5 exd5 5. Nf3 Nc6 6. g3 Nf6 7. Bg2 Be7 8. O-O
O-O 9. dxc5 Bxc5 10. Bg5 d4 11. Bxf6 Qxf6 12. Ne4 Qe7 13. Nxc5 Qxc5 14. Rc1 Qb4
15. Qd2 Qxd2 16. Nxd2 Re8 17. Rfe1 Rb8 18. b3 Nb4 19. a3 Na2 20. Rc2 Nc3 21. Nf3
Bf5 22. Rd2 Nb1 23. Ra2 Nc3 24. Rd2 Nb1 25. Ra2 Nc3 26. Rd2 1/2-1/2

[Event "51st World Juniors"]
[Site "Athens GRE"]
[Date "2012.08.06"]
[Round "5.57"]
[White "Carbone, Diego"]
[Black "Torkkola, Henri"]
[Result "0-1"]
[WhiteElo "2069"]
[BlackElo "2123"]
[WhiteFideId "3002179"]
[BlackFideId "507660"]
[EventDate "2012.08.02"]

1. Nf3 c5 2. c4 Nf6 3. g3 d5 4. cxd5 Nxd5 5. Bg2 Nc7 6. O-O Nc6 7. Nc3 e5 8. d3
Be7 9. Be3 Bd7 10. Rc1 O-O 11. Ne4 b6 12. a3 f6 13. Qc2 Rc8 14. Nc3 Kh8 15. Nd2
Re8 16. Nc4 Ne6 17. Nd5 Bf8 18. Qd1 Ncd4 19. Bd2 Bc6 20. Nde3 g6 21. Rb1 Bg7 22.
b4 f5 23. bxc5 Nxc5 24. Bxc6 Nxc6 25. Bc3 f4 26. Ng2 Qc7 27. Nh4 Ne6 28. Nf3 g5
29. Rb5 g4 30. Nfxe5 Ned4 31. Rd5 b5 32. Rd7 Qxd7 33. Nxd7 Nxe2+ 34. Kh1 Nxc3
35. Qxg4 bxc4 36. dxc4 Ne4 37. gxf4 Bd4 38. Qh4 Nxf2+ 39. Rxf2 Re1+ 40. Kg2 Rg8+
41. Kh3 Re3+ 42. Qg3 Rexg3+ 0-1